Bộ luật hình sự Việt Nam hiện hành (Sửa đổi, bổ sung ngày 19 tháng 6 năm 2009) : Câu hỏi, tình huống thực tiễn và gợi ý trả lời
Gồm những câu hỏi, tình huống thực tiễn và gợi ý trả lời các kiến thức cơ bản của luật hình sự về thời điểm phát sinh tội phạm, về xác định tội danh, khung hình phạt, giai đoạn phạm tội, đồng phạm...
محفوظ في:
| المؤلف الرئيسي: | |
|---|---|
| التنسيق: | كتاب |
| اللغة: | Undetermined |
| منشور في: |
Hà Nội
Hồng Đức
2010
|
| الموضوعات: | |
| الوسوم: |
إضافة وسم
لا توجد وسوم, كن أول من يضع وسما على هذه التسجيلة!
|
| Thư viện lưu trữ: | Trung tâm Học liệu Trường Đại học Cần Thơ |
|---|
| LEADER | 01123nam a2200229Ia 4500 | ||
|---|---|---|---|
| 001 | CTU_193929 | ||
| 008 | 210402s9999 xx 000 0 und d | ||
| 020 | |c 50000 | ||
| 082 | |a 345.597 | ||
| 082 | |b H100 | ||
| 100 | |a Đỗ, Đức Hồng Hà | ||
| 245 | 0 | |a Bộ luật hình sự Việt Nam hiện hành (Sửa đổi, bổ sung ngày 19 tháng 6 năm 2009) : | |
| 245 | 0 | |b Câu hỏi, tình huống thực tiễn và gợi ý trả lời | |
| 245 | 0 | |c Đỗ Đức Hồng Hà chủ biên | |
| 260 | |a Hà Nội | ||
| 260 | |b Hồng Đức | ||
| 260 | |c 2010 | ||
| 520 | |a Gồm những câu hỏi, tình huống thực tiễn và gợi ý trả lời các kiến thức cơ bản của luật hình sự về thời điểm phát sinh tội phạm, về xác định tội danh, khung hình phạt, giai đoạn phạm tội, đồng phạm | ||
| 650 | |a Criminal law,Luật hình sự | ||
| 650 | |z Vietnam,Việt Nam | ||
| 910 | |a Hải | ||
| 980 | |a Trung tâm Học liệu Trường Đại học Cần Thơ | ||